The princess who could not dance, (Record no. 18319)

MARC details
000 -LEADER
fixed length control field 00630cam a22002171 4500
001 - CONTROL NUMBER
control field ca 36001555
003 - CONTROL NUMBER IDENTIFIER
control field DLC
005 - DATE AND TIME OF LATEST TRANSACTION
control field 20260227111144.0
008 - FIXED-LENGTH DATA ELEMENTS--GENERAL INFORMATION
fixed length control field 790118s1929 xx 000 0 eng
010 ## - LIBRARY OF CONGRESS CONTROL NUMBER
LC control number ca 36001555
035 ## - SYSTEM CONTROL NUMBER
System control number (OCoLC)4562652
040 ## - CATALOGING SOURCE
Original cataloging agency DLC
Transcribing agency OCl
Modifying agency DLC
042 ## - AUTHENTICATION CODE
Authentication code premarc
050 00 - LIBRARY OF CONGRESS CALL NUMBER
Classification number PN6120.A5
Item number B62
082 ## - DEWEY DECIMAL CLASSIFICATION NUMBER
Classification number 812.5
100 1# - MAIN ENTRY--PERSONAL NAME
Personal name Bland, Margaret.
245 14 - TITLE STATEMENT
Title The princess who could not dance,
Remainder of title a pretty one-act play for children,
Statement of responsibility, etc. by Margaret Bland.
260 ## - PUBLICATION, DISTRIBUTION, ETC.
Place of publication, distribution, etc. Franklin, O.,
Name of publisher, distributor, etc. Eldridge entertainment house, inc.,
Date of publication, distribution, etc. c1929.
300 ## - PHYSICAL DESCRIPTION
Extent 32 p.
Dimensions 20 cm.
490 0# - SERIES STATEMENT
Series statement Eldridge juvenile plays

No items available.

Powered by Koha